000 00554nam a22002057a 4500
003 0
005 20260205114934.0
008 260205b xxu||||| |||| 00| 0 eng d
020 _a978-981-09-2621-2
050 _aFIC
_bSt1 2015
082 _aFIC
_bSt1 2015
100 _aWatson, Jude
245 _aDark warning /
_cJude Watson.
260 _aNew York, NY :
_bScholastic Inc.,
_c2015.
300 _a139 pages ;
_c20 cm.
440 _aStar wars : Last of the Jedi
_v2
650 _aStar wars fiction.
650 _aJuvenile fiction.
942 _2ddc
_cBK
999 _c368805
_d368805